000 00532nam a22002057a 4500
003 OSt
005 20260514151102.0
008 260514b |||||||| |||| 00| 0 eng d
020 _a978-81-264-6404-3
040 _cSBCL
082 _a894.8123
_bKUR-N
100 _aKuroor,Manoj
245 _aNilam Poothu Malarnna Nal
260 _aKottayam
_bDC Books
_c2025
300 _a215p.
630 _xLiterature
650 _a Literatures of other languages
650 _aAltaic, Uralic, Hyperborean & Dravidian
942 _cBOOK
999 _c138165
_d138165